000 00640nam a2200217 a 4500
001 3638
003 CO-ViMGA
008 141112s2004 ck r 000 u spa d
020 _a9586162761
040 _aCO-ViMGA
_bspa
_cCO-ViMGA
082 0 4 _a350.711 R334
110 _aUniversidad Externado de Colombia
_953617
245 1 0 _aRegimen de Contratación Estatal
250 _a2a
260 _aSantafé de Bogotá :
_bUniversidad Externado de Colombia,
_c1996
300 _a743 p
590 _aDatos de inventario : 3980 - - Ejemplares : 01
650 1 4 _aCONTRATOS DEL ESTADO
_953618
650 1 4 _aLEY 80 DE 1993
_953619
942 _2ddc
_cBK
999 _c15676
_d15676